ბათუმის შოთა რუსთაველის სახელმწიფო უნივერსიტეტის ბიბლიოთეკა

Плодовые,ягодные культуры и технология их возделывания (ბიბ.ჩანაწერი № 45816)

000 -LEADER
fixed length control field 00747nam a2200217Ia 4500
001 - CONTROL NUMBER
control field 12645
003 - CONTROL NUMBER IDENTIFIER
control field GE_BSU
008 - FIXED-LENGTH DATA ELEMENTS--GENERAL INFORMATION
fixed length control field 181216s||||||||xx |||||||||||||| ||und||
020 ## - INTERNATIONAL STANDARD BOOK NUMBER
International Standard Book Number 5100004118
040 ## - CATALOGING SOURCE
Transcribing agency GE_BSU
080 ## - UNIVERSAL DECIMAL CLASSIFICATION NUMBER
Universal Decimal Classification number 634.1/7(075.32)
100 ## - MAIN ENTRY--PERSONAL NAME
Personal name Якушев,В.И. Шевченко,В.В. Кочеткова,В.А. и др.
245 ## - TITLE STATEMENT
Title Плодовые,ягодные культуры и технология их возделывания
260 ## - PUBLICATION, DISTRIBUTION, ETC.
Place of publication, distribution, etc. Москва
260 ## - PUBLICATION, DISTRIBUTION, ETC.
Name of publisher, distributor, etc. Агропромиздат
260 ## - PUBLICATION, DISTRIBUTION, ETC.
Date of publication, distribution, etc. 1988
300 ## - PHYSICAL DESCRIPTION
Extent 542стр.илл.
300 ## - PHYSICAL DESCRIPTION
Dimensions Библиогр.с.540
653 ## - INDEX TERM--UNCONTROLLED
Uncontrolled term Плодовые,ягодные культуры и технология их возделывания
942 ## - ADDED ENTRY ELEMENTS (KOHA)
Koha item type წიგნი
ეგზემპლარები
Withdrawn status Lost status Damaged status Not for loan Date acquired Barcode Date last seen Price effective from Koha item type
        2018-12-17 20560 2018-12-17 2018-12-17 წიგნი
        2018-12-17 20561 2018-12-17 2018-12-17 წიგნი
        2018-12-17 20757 2018-12-17 2018-12-17 წიგნი
        2018-12-17 20758 2018-12-17 2018-12-17 წიგნი
        2018-12-17 20759 2018-12-17 2018-12-17 წიგნი
        2018-12-17 20761 2018-12-17 2018-12-17 წიგნი